000 00481nam a2200169 a 4500
005 20140412111235.0
008 010327s19uu xx 00 eng d
020 _a0-86896-014-4
050 _aTR(GS 372.414
_bH71 1979
100 _aHoldaway, Don
245 _aThe foundations of literacy /
_cDon Holdaway.
260 _aSyndey :
_bAshton Scholastic,
_c1979.
300 _a231 p.
500 _aIclude inndex and bibliography
650 _aReading (Elementary)
999 _c102377
_d102377